To Thrive Means to Entertain: The Nature of Today’s Media Industries

Skúmanie súčasných vedeckých názorov na mediálny priemysel a jeho sociálny, technický, ekonomický a kultúrny rámec. Prehľad a typológia mediálneho priemyslu.

Salvato in:
Dettagli Bibliografici
Autore principale: Radošinská, Jana
Altri autori: Kvetanová, Zuzana, Višňovský, Ján
Natura: Capitolo di libro
Lingua:inglese
Soggetti:
Tags: Aggiungi Tag
Nessun Tag, puoi essere il primo ad aggiungerne!!

MARC

LEADER 00000naa a2200000 4500
001 0263509
005 20200514200900.6
041 0 |a eng 
044 |a SK 
245 1 0 |a To Thrive Means to Entertain: The Nature of Today’s Media Industries  |c Jana Radošinská, Zuzana Kvetanová, Ján Višňovský 
520 |a Skúmanie súčasných vedeckých názorov na mediálny priemysel a jeho sociálny, technický, ekonomický a kultúrny rámec. Prehľad a typológia mediálneho priemyslu. 
610 2 0 |a médiá 
610 2 0 |a oligopoly 
610 2 0 |a vlastníctvo 
610 2 0 |a kultúra 
100 1 |a Radošinská, Jana 
700 1 |a Kvetanová, Zuzana 
700 1 |a Višňovský, Ján